000 00239nam a2200097Ia 4500
001 649611
005 20250826153745.0
008 250824s9999 xx 000 0 und d
245 0 _aAfetler Seller
_cPaul Mason
260 _bTÜBİTAK YAYINLARI
999 _c649611
_d649611